Welcome to the Holygrace Academy Library

Please use search bar below to get started

HARRY POTTER (Record no. 3796)

MARC details
000 -LEADER
fixed length control field 00599nam a22001457a 4500
020 ## - INTERNATIONAL STANDARD BOOK NUMBER
ISBN 978-0-7515-6535-5
082 ## - DEWEY DECIMAL CLASSIFICATION NUMBER
Classification number 823
Item number ROW/H
100 ## - MAIN ENTRY--AUTHOR NAME
Personal name ROWLING, J K
245 ## - TITLE STATEMENT
Title HARRY POTTER
Remainder of title AND THE CURSED CHILD
260 ## - PUBLICATION, DISTRIBUTION, ETC. (IMPRINT)
Place of publication GREAT BRITAIN
Name of publisher LITTLE BROWN
Year of publication 2016
300 ## - PHYSICAL DESCRIPTION
Number of Pages 343
520 ## - SUMMARY, ETC.
Summary, etc “Harry Potter and the Cursed Child” is about the journey Albus takes while growing up, and the roles he and his best friend, Scorpius (Draco Malfoy's son), play when dark forces, perhaps in league with Voldemort, once again threaten the fate of the planet.
650 ## - SUBJECT ADDED ENTRY--TOPICAL TERM
Topical Term NOVEL
Geographic subdivision UNITED KINGDOM
942 ## - ADDED ENTRY ELEMENTS (KOHA)
Koha item type Books
Holdings
Withdrawn status Lost status Collection code Home library Current library Shelving location Date acquired Source of acquisition Cost, normal purchase price Full call number Accession Number Koha item type
    Fiction Main Library Main Library SHELF-14-K- ALPHABETICAL- R --ENGLISH NOVELS & FICTIONS 25/10/2019 purchase 899.00 823 ROW/H 11764 Books
    Fiction Main Library Main Library SHELF-14-K- ALPHABETICAL- R --ENGLISH NOVELS & FICTIONS 07/11/2016 purchase 899.00 823 ROW/H 09827 Books